| 000 | 00567nam a22001577a 4500 | ||
|---|---|---|---|
| 008 | 230303b |||||||| |||| 00| 0 eng d | ||
| 040 |
_aNational Science Library _cNational Science Library |
||
| 080 |
_aD 02:681.3(082.2) _bN8 |
||
| 245 |
_aTowards the new information society of tomorrow: _bInnovations, challenges and impact |
||
| 260 |
_aNew Delhi: _bIndian National Scientific Documentation Centre, _c1998 |
||
| 300 | _axvi, I-101+II-163+III-155+IV-87p. | ||
| 650 | _aConference | ||
| 700 | _aMalwad, N M (Ed.) | ||
| 700 | _aAsundi, A Y (Ed.) | ||
| 942 |
_2udc _cPR |
||
| 999 |
_c6135 _d6135 |
||